| 000 | 00456nam a22001817a 4500 | ||
|---|---|---|---|
| 003 | CEME | ||
| 005 | 20210628204657.0 | ||
| 008 | 210222b xxu||||| |||| 00| 0 eng d | ||
| 020 | _a0-340-58484-X | ||
| 040 | _c. | ||
| 082 | _a604.2 SIM'M | ||
| 100 |
_aSimmons, C. W Maguire, D. E _971751 |
||
| 245 | _aManual of engineering drawing | ||
| 260 |
_aLONDON _bEDWARD ARNOLD _c1995 |
||
| 300 | _a282P | ||
| 650 |
_a ACC NO-30139 _971752 |
||
| 942 |
_cBK _2ddc |
||
| 999 |
_c578101 _d578101 |
||